000 00571nai a2200181Ia 4500
003 IN-BaIIA
008 211028c9999 xx s 000 0 eng d
022 _a0037-0746 (Print)
022 _a1365-3091 (Online)
040 _cIIA Library
245 0 _aSedimentology
_h[eJournal]
260 _aNew Jersey
_bJohn Wiley & Sons
310 _a7/year
362 _a44(1); 1997 - Present
521 _bSubscribed through National Knowledge Resource Consortium (NKRC)
856 _uhttps://onlinelibrary.wiley.com/journal/13653091
_yClick Here to Access eJournal
942 _cEJ
999 _c35682
_d35682